[Event "Africa-ch U20 Girls"]
[Site "Bejaia"]
[Date "2022.11.18"]
[Round "8"]
[White "Junior, Ednasia"]
[Black "Pires, Luzia"]
[Result "1-0"]
[WhiteElo "1832"]
[BlackElo "1836"]
[PlyCount "68"]
[EventDate "2022.11.13"]
[EventType "swiss"]
[EventRounds "9"]
[EventCountry "ALG"]
[SourceTitle "CBM 211 Extra"]
[Source "ChessBase"]
[SourceDate "2023.01.31"]
[SourceVersion "1"]
[SourceVersionDate "2023.01.31"]
[SourceQuality "1"]

1. e4 c5 2. Nf3 d6 3. c4 Nc6 4. d4 cxd4 5. Nxd4 Nf6 6. Nc3 g6 7. Be2 Bg7 8. Be3 0-0 9. 0-0 Bd7 10. Rc1 Rc8 11. Qd2 Ne5 12. b3 Nfg4 13. Bf4 Nf6 14. f3 a6 15. Nd5 Nc6 16. Be3 Nxd4 17. Bxd4 Nxd5 18. Bxg7 Kxg7 19. cxd5 e6 20. dxe6 Bxe6 21. Rxc8 Qxc8 22. Rc1 Qd8 23. Qb4 Qf6 24. Qxd6 Qd8 25. Rd1 Qxd6 26. Rxd6 Rb8 27. Rb6 Bc8 28. Bxa6 Kf8 29. a4 Ke7 30. b4 Be6 31. Rxb7+ Rxb7 32. Bxb7 h5 33. a5 Bc4 34. a6 Kd7 1-0

[Event "Africa-ch U20 Girls"]
[Site "Bejaia"]
[Date "2022.11.14"]
[Round "3"]
[White "Allalou, Lylia"]
[Black "Junior, Ednasia"]
[Result "0-1"]
[WhiteElo "1261"]
[BlackElo "1832"]
[PlyCount "59"]
[EventDate "2022.11.13"]
[EventType "swiss"]
[EventRounds "9"]
[EventCountry "ALG"]
[SourceTitle "CBM 211 Extra"]
[Source "ChessBase"]
[SourceDate "2023.01.31"]
[SourceVersion "1"]
[SourceVersionDate "2023.01.31"]
[SourceQuality "1"]

1. e4 c5 2. Nf3 e6 3. d4 cxd4 4. Nxd4 a6 5. a4 Nf6 6. Bd3 Qc7 7. Nc3 Bc5 8. Nb3 Be7 9. Be3 Bb4 10. Qd2 d5 11. e5 Qxe5 12. f4 Qc7 13. Bd4 Be7 14. 0-0 Nc6 15. Ne2 0-0 16. Bc3 Re8 17. Qe3 b6 18. Qg3 Bb7 19. Rf3 d4 20. Bd2 Nb4 21. Rf2 Nxd3 22. cxd3 Bc5 23. Rc1 Qd6 24. Ba5 Rac8 25. Qg5 Bd5 26. Nxc5 bxa5 27. Nxe6 Rxc1+ 28. Nxc1 Qxe6 29. Re2 Qc6 30. Re1 0-1

[Event "Africa-ch U20 Girls"]
[Site "Bejaia"]
[Date "2022.11.13"]
[Round "1"]
[White "Hadjout, Ilyna"]
[Black "Junior, Ednasia"]
[Result "1/2-1/2"]
[WhiteElo "1403"]
[BlackElo "1832"]
[PlyCount "57"]
[EventDate "2022.11.13"]
[EventType "swiss"]
[EventRounds "9"]
[EventCountry "ALG"]
[SourceTitle "CBM 211 Extra"]
[Source "ChessBase"]
[SourceDate "2023.01.31"]
[SourceVersion "1"]
[SourceVersionDate "2023.01.31"]
[SourceQuality "1"]

1. d4 Nf6 2. Nf3 g6 3. Bf4 Bg7 4. e3 0-0 5. h3 d6 6. Be2 Nbd7 7. 0-0 h6 8. c3 Kh7 9. Nbd2 Ng8 10. Qc2 e5 11. Bh2 f5 12. Nc4 Qe7 13. a4 Nb6 14. dxe5 Nxc4 15. Bxc4 dxe5 16. Qb3 g5 17. Rfd1 g4 18. hxg4 fxg4 19. Ne1 c6 20. Nd3 Bf5 21. Rd2 Bf6 22. Rad1 b6 23. Nb4 Qc7 24. e4 Bc8 25. Rd6 Ne7 26. R1d2 a5 27. Nc2 Ng6 28. Rd1 Qe7 29. R6d2 1/2-1/2

[Event "Olympiad Women-44"]
[Site "Chennai"]
[Date "2022.08.08"]
[Round "10.2"]
[White "Junior, Ednasia"]
[Black "Li, Joy Ching"]
[Result "1/2-1/2"]
[WhiteElo "1849"]
[BlackElo "1386"]
[PlyCount "84"]
[EventDate "2022.07.29"]
[EventType "team-swiss"]
[EventRounds "11"]
[EventCountry "IND"]
[SourceTitle "CBM 210"]
[Source "ChessBase"]
[SourceDate "2022.10.31"]
[SourceVersion "1"]
[SourceVersionDate "2022.10.31"]
[SourceQuality "1"]
[WhiteTeam "Angola (W)"]
[BlackTeam "Hong Kong (W)"]
[WhiteTeamCountry "ANG"]
[BlackTeamCountry "HKG"]

1. e4 c5 2. Nf3 g6 3. d4 cxd4 4. Nxd4 Nc6 5. c4 Nf6 6. Nc3 Nxd4 7. Qxd4 d6 8. Be2 Bg7 9. Be3 0-0 10. Qd2 Be6 11. 0-0 Qa5 12. f3 Rfc8 13. b3 a6 14. Rac1 b5 15. Nd5 Qxd2 16. Bxd2 Bxd5 17. exd5 Rab8 18. Rfe1 Kf8 19. Kf2 Nd7 20. Rc2 Rb7 21. Rec1 Rbc7 22. Ke3 Bh6+ 23. f4 Nb6 24. Bd3 bxc4 25. bxc4 Na4 26. Rb1 Nc5 27. Rb6 Bxf4+ 28. Kxf4 Nxd3+ 29. Ke4 Nc5+ 30. Kd4 Kg7 31. Bb4 Rb7 32. Rxb7 Nxb7 33. Rb2 Nc5 34. Ba3 Nd7 35. Rb7 Ne5 36. c5 Kf6 37. cxd6 Rc4+ 38. Ke3 Rc3+ 39. Ke2 exd6 40. Bxd6 Rc2+ 41. Kf1 Rc1+ 42. Ke2 Rc2+ 1/2-1/2

[Event "Olympiad Women-44"]
[Site "Chennai"]
[Date "2022.08.05"]
[Round "7.1"]
[White "Mazariegos, Silvia Carolina"]
[Black "Junior, Ednasia"]
[Result "1/2-1/2"]
[WhiteElo "1851"]
[BlackElo "1849"]
[PlyCount "63"]
[EventDate "2022.07.29"]
[EventType "team-swiss"]
[EventRounds "11"]
[EventCountry "IND"]
[SourceTitle "CBM 210"]
[Source "ChessBase"]
[SourceDate "2022.10.31"]
[SourceVersion "1"]
[SourceVersionDate "2022.10.31"]
[SourceQuality "1"]
[WhiteTeam "Guatemala (W)"]
[BlackTeam "Angola (W)"]
[WhiteTeamCountry "GUA"]
[BlackTeamCountry "ANG"]

1. d4 Nf6 2. e3 g6 3. Bd3 Bg7 4. Nf3 0-0 5. Nbd2 d6 6. 0-0 Nbd7 7. c3 e5 8. dxe5 Nxe5 9. Nxe5 dxe5 10. Qe2 c6 11. a4 a5 12. e4 h6 13. b3 Be6 14. Bc4 Qd7 15. Ba3 Rfd8 16. Rfd1 Bf8 17. Bxf8 Kxf8 18. f3 Nh5 19. g3 Ng7 20. Qe3 h5 21. Qc5+ Qd6 22. Qxd6+ Rxd6 23. Bxe6 Rad8 24. Bc8 b6 25. Ra2 Rxc8 26. Rc1 b5 27. Rcc2 Rcd8 28. Nf1 Ra8 29. Rd2 Ke7 30. Kf2 Ne6 31. Rxd6 Kxd6 32. axb5 1/2-1/2

[Event "Olympiad Women-44"]
[Site "Chennai"]
[Date "2022.07.31"]
[Round "3.2"]
[White "Junior, Ednasia"]
[Black "Wilson, Hannah"]
[Result "1-0"]
[WhiteElo "1849"]
[BlackElo "1556"]
[PlyCount "52"]
[EventDate "2022.07.29"]
[EventType "team-swiss"]
[EventRounds "11"]
[EventCountry "IND"]
[SourceTitle "CBM 210"]
[Source "ChessBase"]
[SourceDate "2022.10.31"]
[SourceVersion "1"]
[SourceVersionDate "2022.10.31"]
[SourceQuality "1"]
[WhiteTeam "Angola (W)"]
[BlackTeam "Barbados (W)"]
[WhiteTeamCountry "ANG"]
[BlackTeamCountry "BAR"]

1. c4 c6 2. Nc3 d5 3. d4 Nf6 4. Bf4 Bf5 5. e3 e6 6. Nf3 Bd6 7. Ne5 0-0 8. g4 Bxe5 9. dxe5 Nxg4 10. h3 Nh6 11. Bxh6 gxh6 12. Rg1+ Bg6 13. Qh5 Qc7 14. Qxh6 Qxe5 15. 0-0-0 Na6 16. h4 Kh8 17. Be2 Rg8 18. Rg3 Qg7 19. Qf4 Qf8 20. Rdg1 Qe7 21. Qh6 Qf8 22. Qf4 Qe7 23. h5 Bf5 24. f3 Nc5 25. e4 dxc4 26. exf5 e5 1-0

[Event "Mindelo op"]
[Site "Mindelo"]
[Date "2022.04.24"]
[Round "3"]
[White "Caxita, Esperanca"]
[Black "Junior, Ednasia"]
[Result "1-0"]
[WhiteElo "1910"]
[BlackElo "1898"]
[PlyCount "99"]
[EventDate "2022.04.22"]
[EventType "swiss"]
[EventRounds "9"]
[EventCountry "KAP"]
[SourceTitle "CBM 208 Extra"]
[Source "ChessBase"]
[SourceDate "2022.07.31"]
[SourceVersion "1"]
[SourceVersionDate "2022.07.31"]
[SourceQuality "1"]

1. e4 c5 2. Nc3 e6 3. Nf3 a6 4. Be2 Nc6 5. 0-0 Qc7 6. d3 Nf6 7. Be3 Ng4 8. Qd2 Nxe3 9. fxe3 Bd6 10. Qe1 Be7 11. Kh1 0-0 12. d4 b5 13. Rd1 Bb7 14. d5 Na7 15. Qd2 d6 16. Ng1 b4 17. Nb1 exd5 18. exd5 Bg5 19. Qd3 Rfe8 20. e4 Qe7 21. Qf3 Bf6 22. Nd2 Bxb2 23. Nc4 Bf6 24. Bd3 Rf8 25. Ne2 Nb5 26. Ng3 Nd4 27. Qf2 Be5 28. Qe3 Rae8 29. Rd2 f5 30. Nxf5 Nxf5 31. exf5 Bxd5 32. Qh3 Rf6 33. Ne3 Bb7 34. Ng4 Rff8 35. Re2 Qg5 36. f6 h5 37. Nxe5 Rxe5 38. Rxe5 Qxe5 39. Qd7 Bxg2+ 40. Kxg2 Qg5+ 41. Kh3 Qe3+ 42. Kh4 Qd4+ 43. Kxh5 Qe5+ 44. Kg4 Qd4+ 45. Rf4 Qg1+ 46. Kh3 Qe3+ 47. Kg2 Qd2+ 48. Rf2 Qg5+ 49. Kf1 Rb8 50. f7+ 1-0

[Event "Figueira da Foz op 15th"]
[Site "Figueira da Foz"]
[Date "2021.11.07"]
[Round "9"]
[White "Junior, Ednasia"]
[Black "Loeffler, Stefan"]
[Result "1/2-1/2"]
[WhiteElo "1868"]
[BlackElo "2317"]
[PlyCount "81"]
[EventDate "2021.10.31"]
[EventType "swiss"]
[EventRounds "9"]
[EventCountry "POR"]
[SourceTitle "CBM 205 Extra"]
[Source "ChessBase"]
[SourceDate "2022.01.31"]
[SourceVersion "1"]
[SourceVersionDate "2022.01.31"]
[SourceQuality "1"]

1. e4 c5 2. Nf3 Nc6 3. c4 e5 4. d3 d6 5. h3 g6 6. Be3 f5 7. exf5 gxf5 8. Bg5 Be7 9. h4 h6 10. Bxe7 Qxe7 11. Nc3 Nf6 12. Be2 Rg8 13. Qd2 e4 14. dxe4 fxe4 15. Nd5 Nxd5 16. Qxd5 Rxg2 17. Nd2 Kd7 18. Nxe4 Kc7 19. Nxd6 Rg4 20. Rd1 Rg6 21. Nb5+ Kb6 22. Nc3 Ka6 23. Qd3 Qg7 24. Nd5 b6 25. Nc7+ Qxc7 26. Qxg6 Nd4 27. Qd3 Qe5 28. Kf1 Bf5 29. Qa3+ Kb7 30. Qe3 Qxe3 31. fxe3 Nxe2 32. Kxe2 Bg4+ 33. Kf2 Bxd1 34. Rxd1 Kc6 35. Rd5 b5 36. Rh5 bxc4 37. Rxh6+ Kd5 38. Rh5+ Kc6 39. Rh6+ Kd5 40. Rh5+ Kc6 41. Rh6+ 1/2-1/2

[Event "Online Olym Div3 C"]
[Site "Chess.com INT"]
[Date "2021.08.29"]
[Round "9.4"]
[White "Cooke, Suzie G"]
[Black "Junior, Ednasia"]
[Result "0-1"]
[WhiteElo "1915"]
[BlackElo "1845"]
[PlyCount "134"]
[EventDate "2021.08.27"]
[EventType "team-tourn (rapid)"]
[EventRounds "9"]
[EventCountry "USA"]
[SourceTitle "CBM 204 Extra"]
[Source "ChessBase"]
[SourceDate "2021.11.30"]
[SourceVersion "1"]
[SourceVersionDate "2021.11.30"]
[SourceQuality "1"]
[WhiteTeam "Scotland"]
[BlackTeam "Angola"]
[WhiteTeamCountry "SCO"]
[BlackTeamCountry "ANG"]

1. d4 Nf6 2. Bf4 g6 3. Nc3 Bg7 4. e4 d6 5. Nf3 0-0 6. h3 Nbd7 7. Qd2 c5 8. d5 a6 9. a4 Qa5 10. Be2 b5 11. 0-0 b4 12. Nd1 Nxe4 13. Qe3 f5 14. Ng5 Ndf6 15. Qd3 Nxg5 16. Bxg5 Bb7 17. Ne3 Qc7 18. a5 Ne4 19. Bf4 Bxb2 20. Bh6 Bxa1 21. Bxf8 Bc3 22. Bh6 Qxa5 23. Nc4 Qc7 24. Bf3 Nf6 25. Qe3 Bc8 26. Rd1 a5 27. Na3 Qb7 28. Nb5 Be5 29. c4 a4 30. Be2 a3 31. f4 Bb2 32. Nxa3 Rxa3 33. Qd2 Bc3 34. Qc2 Bd4+ 35. Kh2 Bd7 36. Rb1 Qa7 37. Bd1 e5 38. fxe5 Bxe5+ 39. Kg1 Ba4 40. Qc1 Bxd1 41. Qxd1 Qa4 42. Qe1 Ra2 43. Bg5 Ne4 44. Be3 Qc2 45. Qf1 b3 46. Rc1 Qe2 47. Qxe2 Rxe2 48. Rb1 Ra2 49. Rxb3 Rc2 50. Bh6 g5 51. Rb8+ Kf7 52. Rb7+ Kg6 53. Bf8 Rxc4 54. Rc7 Rd4 55. Re7 Rxd5 56. g4 Rd1+ 57. Kg2 Rd2+ 58. Kf3 Rd3+ 59. Ke2 Rxh3 60. gxf5+ Kxf5 61. Rf7+ Kg4 62. Rd7 c4 63. Kd1 c3 64. Ra7 Kf3 65. Ra3 Ke3 66. Be7 Kd3 67. Bxd6 Rh1# 0-1

[Event "Online Olym Div3 C"]
[Site "Chess.com INT"]
[Date "2021.08.29"]
[Round "7.3"]
[White "Junior, Ednasia"]
[Black "Botlhole, Kgalalelo"]
[Result "0-1"]
[WhiteElo "1845"]
[BlackElo "1713"]
[PlyCount "114"]
[EventDate "2021.08.27"]
[EventType "team-tourn (rapid)"]
[EventRounds "9"]
[EventCountry "USA"]
[SourceTitle "CBM 204 Extra"]
[Source "ChessBase"]
[SourceDate "2021.11.30"]
[SourceVersion "1"]
[SourceVersionDate "2021.11.30"]
[SourceQuality "1"]
[WhiteTeam "Angola"]
[BlackTeam "Botswana"]
[WhiteTeamCountry "ANG"]
[BlackTeamCountry "BOT"]

1. c4 e6 2. Nc3 Nf6 3. g3 d5 4. cxd5 exd5 5. Bg2 c6 6. Nf3 Bd6 7. d3 0-0 8. 0-0 h6 9. a3 a5 10. Rb1 Na6 11. Re1 Bc5 12. h3 Re8 13. Na4 Bd6 14. Be3 c5 15. Bd2 b5 16. Nc3 Rb8 17. e4 d4 18. Ne2 Nc7 19. b4 axb4 20. axb4 Na6 21. bxc5 Bxc5 22. Bf4 Rb6 23. Be5 b4 24. Qc2 Be6 25. Bxd4 b3 26. Qd2 Bb4 27. Bc3 Bxc3 28. Nxc3 Nb4 29. d4 Bc4 30. Bf1 Bxf1 31. Kxf1 Nc2 32. Re2 Na3 33. Rd1 Qc8 34. Kg2 Nc4 35. Qd3 Rd8 36. e5 Nd5 37. Nxd5 Rxd5 38. Rc1 b2 39. Rxc4 Qb7 40. Rxb2 Rxb2 41. Rc2 Rb6 42. Kh2 Rd8 43. Rc1 Rb3 44. Rc3 Rb2 45. Kg2 Rb8 46. g4 Rb4 47. Kg3 Rd8 48. Qf5 Rb3 49. Qd3 Rxc3 50. Qxc3 Qe4 51. Qc7 Ra8 52. Qc3 g6 53. Qe3 Qd5 54. Qxh6 Ra3 55. Qf4 Kg7 56. Qf6+ Kg8 57. Qd8+ Qxd8 0-1

[Event "Online Olym Div4 C"]
[Site "Chess.com INT"]
[Date "2021.08.22"]
[Round "9.6"]
[White "Junior, Ednasia"]
[Black "Papeta, Ariadni"]
[Result "1-0"]
[WhiteElo "1845"]
[BlackElo "1128"]
[PlyCount "103"]
[EventDate "2021.08.20"]
[EventType "team (rapid)"]
[EventRounds "11"]
[EventCountry "USA"]
[SourceTitle "CBM 203 Extra"]
[Source "ChessBase"]
[SourceDate "2021.09.30"]
[SourceVersion "1"]
[SourceVersionDate "2021.09.30"]
[SourceQuality "1"]
[WhiteTeam "Angola"]
[BlackTeam "Cyprus"]
[WhiteTeamCountry "ANG"]
[BlackTeamCountry "CYP"]

1. c4 e5 2. Nc3 Nf6 3. g3 Nc6 4. Bg2 d6 5. e3 Bd7 6. Nge2 Be7 7. 0-0 0-0 8. h3 h6 9. d4 exd4 10. exd4 Rb8 11. Be3 Na5 12. b3 Bc6 13. d5 Bd7 14. Bxa7 Ra8 15. Be3 c6 16. dxc6 Bxc6 17. Nd5 Bxd5 18. Bxd5 Nxd5 19. Qxd5 Nc6 20. a4 Bf6 21. Rad1 Be7 22. Nc3 Qd7 23. c5 Qxh3 24. cxd6 Bf6 25. Nb5 Rab8 26. Qg2 Qe6 27. Qd5 Qd7 28. Kg2 Nb4 29. Qd2 Nc6 30. Rh1 g5 31. Rxh6 Qe6 32. Qd5 Qxd5+ 33. Rxd5 Kg7 34. Rh5 Nb4 35. Rf5 Kg6 36. g4 Nc2 37. Bxg5 Bxg5 38. Rfxg5+ Kf6 39. Rc5 Ne1+ 40. Kf1 Nf3 41. Rcf5+ Ke6 42. Rxf3 Rfc8 43. Rh6+ Kd5 44. Nc7+ Kc6 45. Rxf7 Rg8 46. Rf4 Rbd8 47. Rc4+ Kd7 48. Nb5 Ke8 49. Rc7 b6 50. Re6+ Kf8 51. Rf6+ Ke8 52. Re7# 1-0

[Event "Fide Inter Con Cup U18"]
[Site "Tornelo INT"]
[Date "2020.10.10"]
[Round "2"]
[White "James, Shemilah"]
[Black "Junior, Ednasia"]
[Result "0-1"]
[WhiteElo "1613"]
[BlackElo "1808"]
[PlyCount "68"]
[EventDate "2020.10.10"]
[EventType "swiss (rapid)"]
[EventRounds "6"]
[EventCountry "NET"]
[SourceTitle "EXT 2022"]
[Source "ChessBase"]
[SourceDate "2021.10.06"]
[SourceVersion "1"]
[SourceVersionDate "2021.10.06"]
[SourceQuality "1"]

1. e4 c5 2. Nf3 e6 3. d4 cxd4 4. Nxd4 a6 5. Nc3 Qc7 6. Be2 Nf6 7. 0-0 Bb4 8. Qd3 0-0 9. f3 b5 10. Be3 Bb7 11. Nd1 d5 12. Nf2 Nbd7 13. c3 Bc5 14. Rac1 Rac8 15. Qd2 dxe4 16. fxe4 Nxe4 17. Nxe4 Bxe4 18. Bf3 Bxf3 19. Rxf3 Nb6 20. Rh3 Nc4 21. Qd3 g6 22. Bf2 e5 23. Nf3 Bxf2+ 24. Kxf2 Nxb2 25. Qd2 Qc5+ 26. Kf1 Qc4+ 27. Kg1 Nd3 28. Nxe5 Qc5+ 29. Kf1 Qxe5 30. Qxd3 Qf4+ 31. Ke2 Qxc1 32. Qg3 Rfe8+ 33. Kf2 Qd2+ 34. Kf1 Rxc3 0-1

[Event "Online Olym Div3 B"]
[Site "Chess.com INT"]
[Date "2020.08.09"]
[Round "8.2"]
[White "Hotami, Mutriba"]
[Black "Junior, Ednasia"]
[Result "1/2-1/2"]
[WhiteElo "1837"]
[BlackElo "1808"]
[PlyCount "105"]
[EventDate "2020.08.07"]
[EventType "team-tourn (rapid)"]
[EventRounds "9"]
[EventCountry "USA"]
[SourceTitle "CBM 198"]
[Source "ChessBase"]
[SourceDate "2020.10.31"]
[SourceVersion "1"]
[SourceVersionDate "2020.10.31"]
[SourceQuality "1"]
[WhiteTeam "Tajikistan"]
[BlackTeam "Angola"]
[WhiteTeamCountry "TJK"]
[BlackTeamCountry "ANG"]

1. e4 c5 2. Nc3 Nc6 3. d3 g6 4. Be3 d6 5. d4 cxd4 6. Bxd4 Nf6 7. Bxf6 exf6 8. Nf3 a6 9. Qd2 Be6 10. Nd4 Qb6 11. Nb3 Ne5 12. Be2 Nc4 13. Bxc4 Bxc4 14. Nd5 Bxd5 15. exd5 Be7 16. 0-0 0-0 17. Rfe1 Rfe8 18. Re4 f5 19. Re2 Bf6 20. c3 Qb5 21. Rae1 Rxe2 22. Rxe2 Bg5 23. Nd4 Bxd2 24. Nxb5 axb5 25. Rxd2 Rxa2 26. Kf1 Ra4 27. Ke2 Re4+ 28. Kd3 Kf8 29. b3 Ke7 30. Ra2 Re5 31. c4 bxc4+ 32. bxc4 Kd7 33. Ra8 Kc7 34. Kd4 Re2 35. Rf8 Rxf2 36. Rxf7+ Kb6 37. Rd7 Rd2+ 38. Kc3 Rxg2 39. Rxd6+ Kc7 40. c5 Rxh2 41. Rf6 Rh1 42. Rf7+ Kc8 43. d6 Rc1+ 44. Kd4 Rd1+ 45. Ke5 h5 46. Kf6 h4 47. Ke6 Re1+ 48. Kf6 h3 49. Rh7 Rc1 50. Ke7 Re1+ 51. Kf6 Rc1 52. Ke6 Re1+ 53. Kf6 1/2-1/2

[Event "Online Olym Div3 B"]
[Site "Chess.com INT"]
[Date "2020.08.08"]
[Round "4.4"]
[White "Besa, Masaiti"]
[Black "Junior, Ednasia"]
[Result "1-0"]
[WhiteElo "1768"]
[BlackElo "1808"]
[PlyCount "119"]
[EventDate "2020.08.07"]
[EventType "team-tourn (rapid)"]
[EventRounds "9"]
[EventCountry "USA"]
[SourceTitle "CBM 198"]
[Source "ChessBase"]
[SourceDate "2020.10.31"]
[SourceVersion "1"]
[SourceVersionDate "2020.10.31"]
[SourceQuality "1"]
[WhiteTeam "Botswana"]
[BlackTeam "Angola"]
[WhiteTeamCountry "BOT"]
[BlackTeamCountry "ANG"]

1. c4 Nf6 2. Nf3 d5 3. cxd5 Nxd5 4. g3 Nc6 5. Nc3 Bf5 6. Bg2 e6 7. Qa4 Nb6 8. Qb5 a6 9. Qb3 Be7 10. 0-0 0-0 11. d3 Qd7 12. Bf4 Rfd8 13. Rac1 Kh8 14. Rfd1 Bg4 15. Ne5 Nxe5 16. Bxe5 f6 17. Bxc7 Qxc7 18. Nd5 Qd6 19. Nxb6 Rab8 20. Rc2 e5 21. Nc4 Qd7 22. Rdc1 Be6 23. Qc3 Rdc8 24. Qa5 Bd8 25. Nb6 Rxc2 26. Rxc2 Qb5 27. Qxb5 axb5 28. Nd5 g6 29. a3 f5 30. Nc3 Bd7 31. Nd5 Kg7 32. Nb6 Be6 33. Bd5 Bxd5 34. Nxd5 Kf7 35. Rc5 Ke6 36. Rxb5 Kd6 37. Nc3 b6 38. Kg2 Bc7 39. Kf3 Ra8 40. Rd5+ Ke6 41. Rb5 Kd6 42. Nd5 Bd8 43. Nc3 Ke6 44. Ke3 Kd6 45. Kd2 Bg5+ 46. Kc2 Bd8 47. Rd5+ Ke6 48. Rb5 Kd6 49. Kb3 Ke6 50. Na4 Ra6 51. Nc3 Kd6 52. Kc4 Ra8 53. Rd5+ Ke6 54. Rb5 Kd6 55. e3 Rc8+ 56. Kb3 Bf6 57. Rxb6+ Ke7 58. Nd5+ Kd7 59. Nxf6+ Kc7 60. Nd5+ 1-0

[Event "Online Olym Div3 B"]
[Site "Chess.com INT"]
[Date "2020.08.07"]
[Round "1.1"]
[White "Lampard, Alice"]
[Black "Junior, Ednasia"]
[Result "0-1"]
[WhiteElo "1763"]
[BlackElo "1808"]
[PlyCount "66"]
[EventDate "2020.08.07"]
[EventType "team-tourn (rapid)"]
[EventRounds "9"]
[EventCountry "USA"]
[SourceTitle "CBM 198"]
[Source "ChessBase"]
[SourceDate "2020.10.31"]
[SourceVersion "1"]
[SourceVersionDate "2020.10.31"]
[SourceQuality "1"]
[WhiteTeam "Scotland"]
[BlackTeam "Angola"]
[WhiteTeamCountry "SCO"]
[BlackTeamCountry "ANG"]

1. d4 Nf6 2. c4 e5 3. dxe5 Ng4 4. Bf4 Nc6 5. Nf3 Bb4+ 6. Nc3 Qe7 7. Qd5 d6 8. exd6 cxd6 9. Bg5 f6 10. Bd2 Be6 11. Qh5+ g6 12. Qb5 a6 13. Qa4 Bxc4 14. a3 Bxc3 15. Bxc3 Be6 16. h3 Nge5 17. 0-0-0 0-0 18. Nd4 b5 19. Nxc6 Nxc6 20. Qh4 Bb3 21. Re1 g5 22. Qg4 Ne5 23. Bxe5 dxe5 24. Kb1 Rac8 25. e3 Be6 26. Qd1 Rfd8 27. Qf3 Bf7 28. Qg4 Qc5 29. Qe2 Qd5 30. b4 Qb3+ 31. Qb2 Rd1+ 32. Rxd1 Qxd1+ 33. Qc1 Qxc1# 0-1

[Event "Online Olym Div4 D"]
[Site "Chess.com INT"]
[Date "2020.08.01"]
[Round "5.2"]
[White "Ashley, Christiana Naa Merl"]
[Black "Junior, Ednasia"]
[Result "1-0"]
[WhiteElo "1229"]
[BlackElo "1808"]
[PlyCount "73"]
[EventDate "2020.07.31"]
[EventType "team-tourn (rapid)"]
[EventRounds "9"]
[EventCountry "USA"]
[SourceTitle "CBM 198"]
[Source "ChessBase"]
[SourceDate "2020.10.31"]
[SourceVersion "1"]
[SourceVersionDate "2020.10.31"]
[SourceQuality "1"]
[WhiteTeam "Ghana"]
[BlackTeam "Angola"]
[WhiteTeamCountry "GHA"]
[BlackTeamCountry "ANG"]

1. d4 Nf6 2. Bf4 d5 3. e3 Bf5 4. Bd3 Bxd3 5. Qxd3 a6 6. Nf3 e6 7. 0-0 Be7 8. c4 0-0 9. Nc3 Nbd7 10. cxd5 exd5 11. Ne5 Re8 12. e4 dxe4 13. Nxe4 Nxe4 14. Qxe4 c6 15. Rfd1 Bf6 16. Qf3 Qe7 17. Re1 Bxe5 18. dxe5 Nb6 19. b3 Nd5 20. Bg3 Qg5 21. Rad1 Re6 22. h4 Qe7 23. Rd2 f6 24. Rde2 Re8 25. Bf4 Nxf4 26. Qxf4 Rxe5 27. Rxe5 fxe5 28. Qg4 h6 29. f4 e4 30. f5 Qe6 31. fxe6 Re7 32. Rxe4 Kf8 33. Rf4+ Kg8 34. Rf7 Rxf7 35. exf7+ Kxf7 36. Qd7+ Kf6 37. Qxb7 1-0

[Event "Online Olym Div4 D"]
[Site "Chess.com INT"]
[Date "2020.08.01"]
[Round "6.5"]
[White "Junior, Ednasia"]
[Black "Morales Santos, Natasha"]
[Result "0-1"]
[WhiteElo "1808"]
[BlackElo "1949"]
[PlyCount "118"]
[EventDate "2020.07.31"]
[EventType "team-tourn (rapid)"]
[EventRounds "9"]
[EventCountry "USA"]
[SourceTitle "CBM 198"]
[Source "ChessBase"]
[SourceDate "2020.10.31"]
[SourceVersion "1"]
[SourceVersionDate "2020.10.31"]
[SourceQuality "1"]
[WhiteTeam "Angola"]
[BlackTeam "Puerto Rico"]
[WhiteTeamCountry "ANG"]
[BlackTeamCountry "PUR"]

1. e4 e6 2. d4 d5 3. Nc3 Nf6 4. Bg5 Bb4 5. e5 h6 6. exf6 hxg5 7. fxg7 Rg8 8. Qh5 Qf6 9. Nf3 Qxg7 10. h4 gxh4 11. Qxh4 Bd7 12. Ne5 Nc6 13. Nxc6 Bxc6 14. a3 Be7 15. Qh7 0-0-0 16. Qxg7 Rxg7 17. 0-0-0 Rdg8 18. Rh3 Be8 19. g3 c6 20. Be2 Bd7 21. Rh2 f6 22. Rdh1 e5 23. Rd1 Kc7 24. Kb1 Bd6 25. Rh6 Be7 26. Na2 e4 27. c4 Be6 28. cxd5 cxd5 29. Rdh1 Kd7 30. Bb5+ Kd6 31. Nc3 Rc8 32. Ba4 a6 33. Bb3 e3 34. fxe3 Rxg3 35. Re1 Rcg8 36. e4 Rg1 37. Rh1 Rxh1 38. Rxh1 dxe4 39. Bxe6 Kxe6 40. Nxe4 Kd5 41. Rh7 Kxe4 42. Rxe7+ Kxd4 43. Rxb7 Rf8 44. Ra7 f5 45. Rxa6 f4 46. Rh6 f3 47. Rh1 f2 48. Rf1 Ke3 49. b4 Ke2 50. Rxf2+ Kxf2 51. Kc2 Ke3 52. Kc3 Rc8+ 53. Kb3 Kd4 54. b5 Kc5 55. a4 Rh8 56. Kc3 Rh3+ 57. Kb2 Kb4 58. b6 Kxa4 59. Kc2 Rb3 0-1

[Event "Online Olym Div4 D"]
[Site "Chess.com INT"]
[Date "2020.07.31"]
[Round "2.3"]
[White "Junior, Ednasia"]
[Black "Sanchez, Mariana1111"]
[Result "1-0"]
[WhiteElo "1808"]
[BlackElo "1612"]
[PlyCount "81"]
[EventDate "2020.07.31"]
[EventType "team-tourn (rapid)"]
[EventRounds "9"]
[EventCountry "USA"]
[SourceTitle "CBM 198"]
[Source "ChessBase"]
[SourceDate "2020.10.31"]
[SourceVersion "1"]
[SourceVersionDate "2020.10.31"]
[SourceQuality "1"]
[WhiteTeam "Angola"]
[BlackTeam "Netherlands Antilles"]
[WhiteTeamCountry "ANG"]
[BlackTeamCountry "AHO"]

1. e4 e6 2. d4 d5 3. Nc3 Bb4 4. e5 Ne7 5. a3 Ba5 6. Qg4 0-0 7. Bd3 Bb6 8. Nf3 Ng6 9. h4 f5 10. exf6 Qxf6 11. Bxg6 Qxg6 12. Qxg6 hxg6 13. Na4 Nc6 14. Nxb6 axb6 15. 0-0 Ne7 16. Bg5 Nf5 17. g4 Nh6 18. Ne5 Kh7 19. Rac1 c5 20. Rfd1 Nf7 21. Be7 Re8 22. Nxf7 Rxe7 23. Ne5 Re8 24. c4 Ra4 25. dxc5 bxc5 26. cxd5 exd5 27. Rxd5 b6 28. f3 Be6 29. Rd6 Ra6 30. Re1 Bg8 31. Kf2 c4 32. Nxg6 Rxe1 33. Kxe1 c3 34. bxc3 Rxa3 35. Nf8+ Kh8 36. Rxb6 Rxc3 37. Rb8 Rxf3 38. Ke2 Rh3 39. g5 Rxh4 40. Ng6+ Kh7 41. Nxh4 1-0

[Event "Africa-ch U18 Girls"]
[Site "Windhoek"]
[Date "2019.12.16"]
[Round "1.2"]
[White "Badisang, Loago"]
[Black "Junior, Ednasia"]
[Result "0-1"]
[WhiteElo "1289"]
[BlackElo "1811"]
[PlyCount "70"]
[EventDate "2019.12.16"]
[EventType "swiss"]
[EventRounds "9"]
[EventCountry "NAM"]
[SourceTitle "EXT 2024"]
[Source "ChessBase"]
[SourceDate "2023.10.10"]
[SourceVersion "1"]
[SourceVersionDate "2023.10.10"]
[SourceQuality "1"]

1. d4 Nf6 2. Bf4 d5 3. e3 Bf5 4. Nf3 h6 5. c3 a6 6. Nbd2 e6 7. Be2 Be7 8. Ne5 Nbd7 9. Ndf3 Nxe5 10. Nxe5 Nd7 11. h3 Nxe5 12. Bxe5 0-0 13. 0-0 Bd6 14. Bxd6 Qxd6 15. Bd3 Bxd3 16. Qxd3 Rfe8 17. Rfe1 e5 18. dxe5 Rxe5 19. Rad1 Rd8 20. Rd2 Qe7 21. Rde2 Rd6 22. c4 Qh4 23. cxd5 Rexd5 24. Qc2 Rc6 25. Qb3 Rb5 26. Qd3 Rg6 27. e4 Rbg5 28. Qd8+ Kh7 29. Kh1 Qf4 30. g3 Qf3+ 31. Kh2 Rxg3 32. fxg3 Qxg3+ 33. Kh1 Qxh3+ 34. Rh2 Qf3+ 35. Rg2 Qxg2# 0-1